Soft Computing : Neural Networks, Fuzzy Logic, Genetic Algorithm & Probabilistic Reasoning (Record no. 9639)

MARC details
000 -LEADER
fixed length control field 00436nam a2200157Ia 4500
008 - FIXED-LENGTH DATA ELEMENTS--GENERAL INFORMATION
fixed length control field 221030s9999 xx 000 0 und d
020 ## - INTERNATIONAL STANDARD BOOK NUMBER
ISBN 9380016979
041 ## - LANGUAGE CODE
Language code of text/sound track or separate title
082 ## - DEWEY DECIMAL CLASSIFICATION NUMBER
Classification number 105.23
100 ## - MAIN ENTRY--AUTHOR NAME
Personal name I. Singh
245 #0 - TITLE STATEMENT
Title Soft Computing : Neural Networks, Fuzzy Logic, Genetic Algorithm & Probabilistic Reasoning
Statement of responsibility, etc by I. Singh
260 ## - PUBLICATION, DISTRIBUTION, ETC. (IMPRINT)
Name of publisher Khanna Pub.
Place of publication New Delhi
Year of publication 2010
300 ## - PHYSICAL DESCRIPTION
Number of Pages 656
650 ## - SUBJECT ADDED ENTRY--TOPICAL TERM
Topical Term Computers
942 ## - ADDED ENTRY ELEMENTS (KOHA)
Koha item type Books
Holdings
Accession Number Cost, normal purchase price Full call number Source of acquisition Price effective from Koha item type Withdrawn / writtenoff status Materials specified (bound volume or other part) Damaged status Not for loan Permanent Location Current Location Shelving location Date acquired Lost/ Missing status department
M 2087 450.00 105.23 Khanna Pub. 10/30/2022 Books   Print     MIET Library, Jammu MIET Library, Jammu BL-Academic Block B, FL-2, CUP-26, SH-1, R-1 09/19/2011   MCA